| 000 | 00728cab a2200217 4500 | ||
|---|---|---|---|
| 001 | WB3417-25 | ||
| 008 | 090401t1998 xxu||||| |||| 00| 0 eng d | ||
| 035 | _a(Sirsi) u86011 | ||
| 041 | _aeng | ||
| 245 | 3 | _aAn empty property `rate` | |
| 260 | _c1998 | ||
| 350 | _a0 | ||
| 490 |
_aHousing Today _v(81) 30 April 1998, 6(1) |
||
| 520 | _aGovernment officials are considering charging owners of empty second properties an `empty property rate`. MPs have also been told that over 100,000 empty homes could be brought back into use for little or no public money. | ||
| 650 | _aEMPTY HOMES AGENCY | ||
| 650 | _aEMPTY PROPERTIES | ||
| 650 | _aEMPTY PROPERTY RATE | ||
| 690 | _aHOUSING | ||
| 942 | _n0 | ||
| 948 | _c06/05/1998 | ||
| 999 |
_c54112 _d54112 |
||